Melodifestivalen finalists since 2002 - Statistics

General Stats
  • This quiz has been taken 173 times
    11 since last reset
  • The average score is 134 of 275
Answer Stats
Year Artist % Correct
Cornelia Jakobs
100%
Sanna Nielsen
100%
Felicia
100%
Fredrik Kempe & Sanna Nielsen
100%
John Lundvik
100%
Loreen
100%
Robin Bengtsson
100%
Sanna Nielsen
100%
The Mamas
100%
Benjamin Ingrosso
83%
Brandsta City Släckers
83%
Dotter
83%
Greczula
83%
2025 John Lundvik
83%
KAJ
83%
Klara Hammarström
83%
Måns Zelmerlöw
83%
Marcus & Martinus
83%
Medina
83%
Smash Into Pieces
83%
Anders Bagge
67%
Anna Bergendahl
67%
Carola
67%
2011 | 2021 Danny Saucedo
67%
2026 A*Teens
67%
Dolly Style
67%
Eric Saade
67%
Frans
67%
Hanna Ferm & Liamoo
67%
Klara Hammarström
67%
Liamoo
67%
Måns Zelmerlöw
67%
Meira Omar
67%
Oscar Zia
67%
Pernilla Wahlgren & Jan Johansen
67%
Robin Bengtsson
67%
Salem Al Fakir
67%
Theoz
67%
Tusse
67%
2002 Afro-dite
50%
After Dark
50%
Agnes
50%
Alcazar
50%
2006 | 2007 Andreas Johnson
50%
Anton Ewald
50%
Arvingarna
50%
Barbados
50%
Cazzi Opeia
50%
2008 Charlotte Perrelli
50%
Cimberly
50%
2010 Darin
50%
Dinah Nah
50%
E.M.D.
50%
2003 Fame
50%
Friends
50%
Hanna Ferm
50%
Jacqline
50%
Jan Johansen
50%
Jessica Andersson
50%
Kikki Danielsson
50%
Lena Philipsson
50%
Lilla Al-Fadji
50%
Lisa Ajax
50%
Magnus Carlsson
50%
Malena Ernman
50%
Malou Prytz
50%
Maria Sur
50%
2005 Martin Stenmarck
50%
Mendez
50%
2018 Méndez
50%
Méndez feat. Alvaro Estrella
50%
Nanne Grönvall
50%
Pernilla Wahlgren
50%
Robin Stjernberg
50%
Saga Ludvigsson
50%
Sarek
50%
Scarlet
50%
2004 Shirley Clamp
50%
The Ark
50%
2020 Victor Crone
50%
Wiktoria
50%
Yohio
50%
Ace Wilder
33%
Alvaro Estrella
33%
Andrés Esteche
33%
Anis don Demina
33%
Annika Wickihalder
33%
Anton Hagman
33%
Bishara
33%
Björn Kjellman
33%
Björn Ranelid feat. Sara Li
33%
Boris René
33%
BWO
33%
Carolina af Ugglas
33%
Caroline Wennergren
33%
Clara Klingenström
33%
2012 David Lindgren
33%
Dead by April
33%
Ellen Benediktson
33%
Erik Segerstedt
33%
Faith Kakembo
33%
Felix Sandman
33%
FO&O
33%
Hanna Hedlund & Lina Hedlund
33%
Hasse Andersson
33%
H.E.A.T.
33%
Helena Paparizou
33%
Isa
33%
Javiera Muñoz
33%
Jay Smith
33%
Jill Johnson
33%
Jon Henrik Fjällgren
33%
2023 Jon Henrik Fjällgren, Arc North feat. Adam Woods
33%
Jon Henrik Fjällgren feat. Aninia
33%
JTR
33%
Kiana
33%
Lina Hedlund
33%
Linda Bengtzing
33%
Linus Svenning
33%
Maja Ivarsson
33%
Margaret
33%
Mariette
33%
Martin Almgren
33%
Mohombi
33%
Molly Sandén
33%
Nano
33%
Nicke Borg
33%
Nordman
33%
Ola Svensson
33%
Owe Thörnqvist
33%
Panetoz
33%
Paul Rey
33%
Petra Nielsen
33%
Ralf Gyllenhammar
33%
Ravaillacz
33%
Rednex
33%
Renaida
33%
Rolandz
33%
Rongedal
33%
SaHara
33%
2015 Samir & Viktor
33%
Sanne Salomonsen
33%
Sarah Dawn Finer
33%
Sara Löfgren
33%
Sara Varga
33%
The Poodles
33%
Thorsten Flinck & Revolutionsorkestern
33%
Tommy Nilsson
33%
Tone Sekelius
33%
Amy Diamond
17%
Anna Book
17%
Annika Wickihalder
17%
Brolle
17%
Bubbles
17%
Östen med Resten
17%
Emilia
17%
E-Type
17%
Frida feat. Headline
17%
Hanson, Carson & Malmkvist
17%
Jimmy Jansson
17%
Kikki, Bettan & Lotta
17%
Lisa Miskovsky
17%
Louise Hoffsten
17%
Magnus Bäcklund
17%
Marie Lindberg
17%
Östen med resten
17%
Peter Jöback
17%
Sandra Dahlberg
17%
Sean Banan
17%
Sebastian
17%
Sibel
17%
Sofia
17%
Sonja Aldén
17%
State of Drama
17%
Swingfly
17%
The Moniker
17%
The Playtones
17%
Timoteij
17%
Top Cats
17%
Ulrik Munther
17%
Christer Sjögren
0%
No matching quizzes found
Score Distribution
Percent of People with Each Score
Percentile by Number Answered
Your Score History
You have not taken this quiz since the last reset